odmiana czasownika venire, uscire, fare - Statystyki

Ogólne statystyki
  • Ten quiz został rozwiązany 55 razy
  • Średni wynik to 14 z 21
Statystyki odpowiedzi
% Poprawnych
lui, lei fa
90%
tu fai
90%
noi facciamo
81%
Io faccio
81%
Io vengo
81%
loro fanno
76%
voi fate
76%
loro vengono
76%
noi veniamo
71%
tu vieni
71%
tłumaczenie: robić
67%
voi venite
67%
lui, lei viene
67%
voi uscite
57%
lui,lei esce
52%
tu esci
52%
Io esco
52%
noi usciamo
52%
loro escono
48%
tłumaczenie: przyjść, przybyć
43%
tłumaczenie wyjść
29%
Nie znaleziono quizów pasujących do podanych kryteriów
Rozkład punktacji
Procent ludzi z każdym wynikiem
Percentyl według liczby udzielonych odpowiedzi
Twoja historia wyników
Nie rozwiązałeś tego quizu